01269nam a22002057a 4500001000200000003000400002005001700006007000200023008004100025010000600066020001800072041000800090082001700098100002500115110002100140245007700161260002000238500078800258610001701046 OSt20260128141403.0 260123b |||||||| |||| 00| 0 eng d a  a9789392019203 aEng 22nd a616.01 a Khan Diwan Mahmood  4 Ashraf Asam Ali aApplied Microbiology (Infection Control Including Safety) (3rd Semester) aJaipurbBookera aApplied Microbiology is a book designed to teach students how to identify the ubiquity and diversity of microorganisms in the human body and the environment; how to classify and explain the morphology and growth of microbes; how to identify the various types of microorganisms; how to explore mechanisms by which microorganisms cause disease, etc... It also teaches them how to develop an understanding of how the human immune system counteracts infection by specific and non-specific mechanisms and how to apply the principles of preparation and use of vaccines in immunization. Along with information on identify the contribution of microbiologists and microbiology laboratories in the diagnosis of infections. They will also learn about antigen and antibody reactions and so on... aMicrobiology